New York state and the metropolitan problem (Record no. 479654)

000 -LEADER
fixed length control field 00532cam a22001457a 4500
008 - FIXED-LENGTH DATA ELEMENTS--GENERAL INFORMATION
fixed length control field 180718b1963 xxu||||| |||| 00| 0 eng d
082 ## - DEWEY DECIMAL CLASSIFICATION NUMBER
Classification number B835x747 H426
100 ## - MAIN ENTRY--PERSONAL NAME
Personal name Herman, Harold
245 ## - TITLE STATEMENT
Title New York state and the metropolitan problem
Statement of responsibility, etc. by Harold Herman
260 ## - PUBLICATION, DISTRIBUTION, ETC.
Place of publication, distribution, etc. Philadelphia
Name of publisher, distributor, etc. Univ. of Pennsylvania Press
Date of publication, distribution, etc. 1963
300 ## - PHYSICAL DESCRIPTION
Extent 192p.
650 ## - SUBJECT ADDED ENTRY--TOPICAL TERM
Topical term or geographic name entry element New York (State) --Politics and government --1951.
650 ## - SUBJECT ADDED ENTRY--TOPICAL TERM
Topical term or geographic name entry element Metropolitan government --New York (State)
650 ## - SUBJECT ADDED ENTRY--TOPICAL TERM
Topical term or geographic name entry element Local government --State supervision --New York (State)
Holdings
Withdrawn status Lost status Damaged status Not for loan Permanent Location Current Location Date acquired Full call number Barcode Date last seen Price effective from Koha item type
        Indian Institute of Public Administration Indian Institute of Public Administration 2018-08-04 B835x747 H426 GR6655 2018-08-04 2018-08-04 GR

Powered by Koha